| 000 | 00970cam a22002771 4500 | ||
|---|---|---|---|
| 001 | 622 | ||
| 003 | BD-RjUL | ||
| 005 | 20211208233216.0 | ||
| 008 | 131119s19651959uc b 000 0engg | ||
| 035 | _a(BD-RjUL) 640 | ||
| 035 | _a(OCoLC)1370934 | ||
| 040 |
_aDLC _cFO _dDLC _beng |
||
| 041 | _aeng | ||
| 082 | 0 | 0 |
_a028.70712 _bPEL 1965 _216 |
| 100 | 1 |
_aPeterson, Violet E. _91895 _q Violet E.Peterson. |
|
| 245 | 1 | 0 |
_aLibrary instruction guide; _bsuggested courses for use by librarians and teachers in junior and senior high schools / _cby Violet E. Peterson. |
| 250 | _aRev. and enl. ed. | ||
| 260 |
_a[Hamden, Conn.] : _bShoe String Press, _cc 1965. |
||
| 300 |
_a45 p. : _bports. ; _c21 cm. |
||
| 500 | _aFirst published in 1959 under title: Library instruction guide for junior and senior high school. | ||
| 504 | _aBibliography : p. 43-45. | ||
| 650 | 0 |
_aPublic services (Libraries) _91896 |
|
| 942 |
_2ddc _cBK |
||
| 999 |
_c622 _d622 |
||